Hum bhi insan hain : (Record no. 43884)

MARC details
000 -LEADER
fixed length control field 01266nim a22002537a 4500
005 - DATE AND TIME OF LATEST TRANSACTION
control field 2010090604404.0
007 - PHYSICAL DESCRIPTION FIXED FIELD--GENERAL INFORMATION
fixed length control field sd ammalaaahaa
008 - FIXED-LENGTH DATA ELEMENTS--GENERAL INFORMATION
fixed length control field 100906t xxu||||| |||| 00| 0 hin d
028 ## - PUBLISHER NUMBER
Publisher number N.53312
Source His Master's Voice
035 ## - SYSTEM CONTROL NUMBER
System control number GR-676
040 ## - CATALOGING SOURCE
Original cataloging agency SED/VEN
100 ## - MAIN ENTRY--PERSONAL NAME
Personal name Shamshad Begum
9 (RLIN) 18483
245 ## - TITLE STATEMENT
Title Hum bhi insan hain :
Remainder of title Hindustani /
Statement of responsibility, etc by Shamshad begum ; music by Hemant Kumar ; lyric by Shailendra
246 ## - VARYING FORM OF TITLE
Title proper/short title हम भी इन्सान हैं (शमशाद बेगम )
260 ## - PUBLICATION, DISTRIBUTION, ETC. (IMPRINT)
Place of publication, distribution, etc Dum Dum India
Name of publisher, distributor, etc His Master's Voice
300 ## - PHYSICAL DESCRIPTION
Extent 1 sound recording [ gramophone record] :
Other physical details analog, 33 1/3 rpm
Dimensions 10 in.
Type of unit Gramophone Record
500 ## - GENERAL NOTE
General note Brief record
505 ## - FORMATTED CONTENTS NOTE
Formatted contents note Pyar jata ke chale gye part 1 (hum bhi insan hain) (shamshad begum) ( प्यार जता के चले गये) pyari bole bulbul(hum bhi insan hain) (Mohd Rafi) प्यारी बोले बुलबुल ) (हम भी इन्सान हैं ) (मोहमद रफ़ी )
650 ## - SUBJECT ADDED ENTRY--TOPICAL TERM
Topical term or geographic name as entry element Classical Music
General subdivision Excerpts
Geographic subdivision India
9 (RLIN) 18484
700 ## - ADDED ENTRY--PERSONAL NAME
Personal name Hemant Kumar
9 (RLIN) 18485
700 ## - ADDED ENTRY--PERSONAL NAME
Personal name Shailendra
9 (RLIN) 18486
942 ## - ADDED ENTRY ELEMENTS (KOHA)
Source of classification or shelving scheme Dewey Decimal Classification
Item type Gramaphone Records
Holdings
Withdrawn status Lost status Source of classification or shelving scheme Damaged status Not for loan Collection code Home library Current library Date acquired Source of acquisition Total Checkouts Barcode Date last seen Copy number Price effective from Koha item type
    Dewey Decimal Classification   Not For Loan Non-fiction Central Library Central Library 06/09/2010 SED/VEN   GR-676 06/09/2010 1 06/09/2010 Gramaphone Records

© Delhi Public Library
Hit Counter
free hit counter